Random 'Top and Tail' Word Quiz - T - Statistics

General Stats
  • This quiz has been taken 111 times
  • The average score is 13 of 20
Answer Stats
Hint Letters Answer % Correct
Explosive material 3 TNT
100%
Place the organ of a donor into the body of a recipient 10 Transplant
100%
One of three offspring born at the same time 7 Triplet
100%
Message on Twitter 5 Tweet
95%
Object set up for a marksman or archer to aim at 6 Target
92%
Examination 4 Test
92%
Either of the two main parts of the Christian Bible 9 Testament
92%
Lavatory; restroom 6 Toilet
91%
Brass musical instrument 7 Trumpet
90%
Someone who pays rent 6 Tenant
89%
Victorious 10 Triumphant
88%
Unusual innate ability in some field or activity 6 Talent
86%
Not opaque; clearly seen through 11 Transparent
86%
Young child 3 Tot
83%
Token showing that a fare or admission fee has been paid 6 Ticket
82%
Browned bread 5 Toast
82%
Someone who travels for pleasure 7 Tourist
80%
Spear with three prongs 7 Trident
79%
Freshwater game fish 5 Trout
79%
Cruel and oppressive dictator 6 Tyrant
76%
Sporting competition 10 Tournament
75%
Gait of a horse 4 Trot
75%
Bunch of hair or grass 4 Tuft
75%
Written words 4 Text
74%
Small, circular tower that is part of a castle 6 Turret
73%
Portable shelter of canvas 4 Tent
71%
Mutter of disapproval 3 Tut
70%
Dusk 8 Twilight
70%
One who is absent from school without permission 6 Truant
68%
FeeHaving an urge to drink 6 Thirst
67%
Violently fast stream of water 7 Torrent
65%
Complete confidence in a person or plan 5 Trust
65%
Small insectivorous birds 3 Tit
63%
Dose of medicine in the form of a small pellet 6 Tablet
59%
Health-care professional skilled in rehabilitation 9 Therapist
57%
Act of taking something from someone unlawfully 5 Theft
55%
Consideration in dealing with others to avoid offence 4 Tact
53%
Front part of a person's neck 6 Throat
53%
Medieval military engine for hurling heavy missiles 9 Trebuchet
53%
Bandage that stops the flow of blood 10 Tourniquet
52%
Worldwide dance craze of the early 1960s 5 Twist
52%
Ratio of opposite to adjacent sides of a right-angled triangle 7 Tangent
50%
Lovers' secret rendezvous 5 Tryst
47%
Provide with a gift or entertainment 5 Treat
45%
Idea, opinion or a set of ideas 7 Thought
44%
Intense feelings of suffering 7 Torment
40%
Run-down apartment house 8 Tenement
38%
Wrongful act or an infringement of a right 4 Tort
38%
Broadcast over the airwaves 8 Transmit
38%
Harass with persistent criticism 5 Taunt
37%
Incline from a vertical position 4 Tilt
37%
Major river in central England 5 Trent
36%
Violent storm 7 Tempest
35%
Old-fashioned man's coat worn on very formal occasions 8 Tailcoat
30%
Large brown European flatfish 6 Turbot
22%
Three-legged metal stand for supporting a cooking vessel 6 Trivet
20%
Conveyance of persons or things from one place to another 7 Transit
13%
State of commotion and noise and confusion 6 Tumult
11%
Disloyal person who betrays or deserts his cause 8 Turncoat
7%
Member of an order of monks noted for austerity 8 Trappist
6%
No matching quizzes found
Score Distribution
Percent of People with Each Score
Percentile by Number Answered
Your Score History
You have not taken this quiz